[Event "Torneo Zonal  2.5 Femenino"]
[Site "Montevideo"]
[Date "2013.04.21"]
[Round "4.2"]
[White "Fernandez, Maria Florencia"]
[Black "Martinez, Ayelen"]
[Result "0-1"]
[WhiteElo "2180"]
[BlackElo "2094"]
[PlyCount "86"]
[EventDate "2013.04.??"]

1. d4 Nf6 2. c4 g6 3. Nc3 Bg7 4. e4 d6 5. Nf3 O-O 6. Be2 e5 7. O-O Nc6 8. d5
Ne7 9. Ne1 Nd7 10. Be3 f5 11. f3 f4 12. Bf2 g5 13. Nd3 Nf6 14. c5 Rf7 15. Rc1
Bf8 16. cxd6 cxd6 17. Nb5 Ng6 18. a4 g4 19. Nxa7 g3 20. Nxc8 gxf2+ 21. Nxf2
Rxc8 22. Qb3 Nh4 23. Kh1 Rg7 24. Rxc8 Qxc8 25. Ng4 Be7 26. g3 fxg3 27. hxg3
Nxg4 28. fxg4 Ng6 29. Qf3 Nh8 30. Qe3 Bg5 31. Qb6 Rg6 32. Qb5 Nf7 33. Rf3 Be3
34. Kg2 Bd4 35. Rb3 Qc1 36. Bf1 Qc2+ 37. Be2 Qc1 38. Bf1 Qd2+ 39. Qe2 Qxe2+ 40.
Bxe2 Rf6 41. Bf3 Ng5 42. Rxb7 Rxf3 43. b4 Rf2+ 0-1

[Event "Torneo Zonal  2.5 Femenino"]
[Site "Montevideo"]
[Date "2013.04.21"]
[Round "4.3"]
[White "Perez, Dalila"]
[Black "Cortes Arias, Mariela"]
[Result "1-0"]
[WhiteElo "1763"]
[BlackElo "1833"]
[PlyCount "65"]
[EventDate "2013.04.??"]

1. c4 c5 2. Nc3 Nc6 3. g3 e5 4. Bg2 g6 5. e3 Bg7 6. a3 a5 7. Nb5 d6 8. Ne2 Be6
9. Qa4 Qd7 10. Nec3 Rc8 11. Nd5 Qd8 12. Na7 Nge7 13. Nxc8 Nxc8 14. b4 O-O 15.
bxc5 dxc5 16. Rb1 Qd7 17. Qb5 Bh3 18. O-O Bxg2 19. Kxg2 b6 20. Bb2 Qb7 21. Bc3
N6e7 22. e4 f5 23. Qxc5 fxe4 24. Nxe7+ Nxe7 25. Rxb6 Qd7 26. Bxe5 Rf5 27. Qd6
Qxd6 28. Bxd6 Bd4 29. Rb8+ Kf7 30. Rb7 Bf6 31. Re1 Be5 32. Rxe7+ Kf6 33. Rxe5
1-0

[Event "Torneo Zonal  2.5 Femenino"]
[Site "Montevideo"]
[Date "2013.04.21"]
[Round "4.4"]
[White "de Leon, Patricia"]
[Black "Larrea, Daniela"]
[Result "1-0"]
[WhiteElo "1842"]
[BlackElo "1700"]
[PlyCount "65"]
[EventDate "2013.04.??"]

1. d4 Nf6 2. c4 g6 3. f3 Bg7 4. e4 O-O 5. Nc3 d6 6. Be3 e5 7. d5 Ne8 8. Qd2 Nd7
9. O-O-O Nc5 10. b4 Nd7 11. c5 Qe7 12. Qf2 b6 13. c6 Ndf6 14. Nge2 Nh5 15. g4
Nf4 16. Nxf4 exf4 17. Bd4 Bxd4 18. Qxd4 Qf6 19. h4 h6 20. g5 Qxd4 21. Rxd4 hxg5
22. hxg5 Ng7 23. Rd2 Nh5 24. Rdh2 f6 25. gxf6 Rxf6 26. a4 a5 27. b5 Kf7 28. Ne2
Ke7 29. Rh4 Rf7 30. Rg1 Rf6 31. Rg5 Kf7 32. Kd2 Kg7 33. Rhxh5 1-0

[Event "Torneo Zonal  2.5 Femenino"]
[Site "Montevideo"]
[Date "2013.04.21"]
[Round "4.5"]
[White "Colombo, Camila"]
[Black "Besso, Guadalupe"]
[Result "1-0"]
[WhiteElo "2073"]
[BlackElo "1737"]
[PlyCount "99"]
[EventDate "2013.04.??"]

1. d4 Nf6 2. c4 g6 3. Nc3 d5 4. cxd5 Nxd5 5. e4 Nxc3 6. bxc3 Bg7 7. Bc4 c5 8.
Be3 Nc6 9. Ne2 O-O 10. O-O Qc7 11. Rc1 a6 12. dxc5 Ne5 13. Qb3 b5 14. Bd5 Rb8
15. Qa3 e6 16. Bb3 Nd3 17. Rcd1 b4 18. cxb4 Nxb4 19. Rd6 Nc6 20. Rfd1 a5 21.
Ba4 Bb2 22. Qd3 Ne5 23. Qc2 Ng4 24. Bf4 e5 25. Bg5 Ba3 26. Rc6 Qa7 27. h3 Ba6
28. Rb6 Nxf2 29. Kxf2 Bxc5+ 30. Qxc5 Rxb6 31. Rd6 Rb7 32. Qxa7 Rxa7 33. Bf6 Bc4
34. Nc1 Rb7 35. Nb3 Rb4 36. Bd7 Bxb3 37. axb3 Rxb3 38. Ra6 Ra3 39. Bxe5 Rd8 40.
Bf6 Rb8 41. Bc6 Ra2+ 42. Kg3 g5 43. Bd5 Ra3+ 44. Kg4 h6 45. Ra7 Rf8 46. Be7 Rc3
47. Bxf8 Kxf8 48. Rxf7+ Ke8 49. Ra7 Ra3 50. Kf5 1-0

[Event "Torneo Zonal  2.5 Femenino"]
[Site "Montevideo"]
[Date "2013.04.21"]
[Round "4.6"]
[White "Avalos, Leticia"]
[Black "Silva, Natalia"]
[Result "1-0"]
[WhiteElo "1725"]
[BlackElo "1891"]
[PlyCount "39"]
[EventDate "2013.04.??"]

1. d4 f5 2. e4 fxe4 3. Nc3 Nf6 4. Bg5 Nc6 5. Bxf6 exf6 6. d5 Ne5 7. Nxe4 d6 8.
Qd4 f5 9. Nd2 Qf6 10. Qa4+ Bd7 11. Qb3 Rb8 12. Ngf3 c5 13. dxc6 Nxf3+ 14. Nxf3
Bxc6 15. Bb5 Rc8 16. O-O-O Qf7 17. Bc4 Qc7 18. Rhe1+ Be7 19. Ng5 Bd7 20. Qe3
1-0

[Event "Torneo Zonal  2.5 Femenino"]
[Site "Montevideo"]
[Date "2013.04.21"]
[Round "4.7"]
[White "Costa, Anaclara"]
[Black "Perez, Cecilia Manuela"]
[Result "1-0"]
[WhiteElo "1649"]
[BlackElo "1521"]
[PlyCount "85"]
[EventDate "2013.04.??"]

1. f4 e6 2. Nf3 f5 3. g3 Nf6 4. Bg2 Be7 5. O-O O-O 6. d3 c6 7. Qe1 d6 8. e4
fxe4 9. dxe4 Nbd7 10. Na3 Qc7 11. Ng5 e5 12. Be3 Nc5 13. Bxc5 dxc5 14. Qe3 exf4
15. Rxf4 Bd7 16. Raf1 Qb6 17. Nc4 Qc7 18. Qb3 b5 19. Nd2+ c4 20. Nxc4 Bc5+ 21.
Kh1 Be8 22. Ne5+ Kh8 23. Ng4 Bd6 24. R4f3 Bf7 25. Nxf7+ Rxf7 26. e5 Raf8 27.
exd6 Qxd6 28. Nxf6 Rxf6 29. Rxf6 Rxf6 30. Rxf6 gxf6 31. Qf3 c5 32. Qe2 b4 33.
Bf3 Kg7 34. Be4 Qe5 35. Qg4+ Kf8 36. Qc8+ Kf7 37. Qb7+ Ke8 38. Qxh7 Qxb2 39.
Bc6+ Kf8 40. Qh6+ Ke7 41. Qg7+ Kd6 42. Qd7+ Ke5 43. Qd5# 1-0

[Event "Torneo Zonal  2.5 Femenino"]
[Site "Montevideo"]
[Date "2013.04.21"]
[Round "4.8"]
[White "de San Vicente, Sabrina"]
[Black "de Leon, Veronica"]
[Result "1/2-1/2"]
[WhiteElo "1725"]
[BlackElo "1645"]
[PlyCount "25"]
[EventDate "2013.04.??"]

1. d4 d5 2. c4 e6 3. Nc3 Nf6 4. Bg5 Nbd7 5. e3 c6 6. Qc2 Be7 7. Bd3 O-O 8. cxd5
exd5 9. Nf3 h6 10. Bh4 Re8 11. O-O Ne4 12. Bxe7 Qxe7 13. Rab1 1/2-1/2

[Event "Torneo Zonal  2.5 Femenino"]
[Site "Montevideo"]
[Date "2013.04.22"]
[Round "5.1"]
[White "de Leon, Patricia"]
[Black "Lujan, Carolina"]
[Result "0-1"]
[WhiteElo "1842"]
[BlackElo "2366"]
[PlyCount "60"]
[EventDate "2013.04.??"]

1. d4 Nf6 2. c4 g6 3. Nc3 d5 4. Nf3 Bg7 5. Bf4 O-O 6. Rc1 Be6 7. Ng5 Bf5 8. e3
c5 9. dxc5 Qa5 10. cxd5 h6 11. Nf3 Qxc5 12. Be2 Qb4 13. Qd2 Rd8 14. O-O Na6 15.
Rfd1 Qa5 16. e4 g5 17. Be3 Bg6 18. Nd4 Rac8 19. Nb3 Qb4 20. f3 Kh7 21. Qd4 Nxd5
22. Qxb4 Ndxb4 23. Bd4 Bxd4+ 24. Nxd4 Nc5 25. a3 Nc6 26. Ncb5 Nxd4 27. Nxd4 Na4
28. Rxc8 Rxc8 29. b3 Nc3 30. Rc1 e5 0-1

[Event "Torneo Zonal  2.5 Femenino"]
[Site "Montevideo"]
[Date "2013.04.22"]
[Round "5.2"]
[White "Martinez, Ayelen"]
[Black "Perez, Dalila"]
[Result "1-0"]
[WhiteElo "2094"]
[BlackElo "1763"]
[PlyCount "61"]
[EventDate "2013.04.??"]

1. e4 e6 2. d4 d5 3. Nc3 Nf6 4. Bg5 Be7 5. e5 Nfd7 6. Bxe7 Qxe7 7. f4 a6 8. Nf3
c5 9. Qd2 Nc6 10. dxc5 Qxc5 11. Bd3 b5 12. O-O-O Nb6 13. h4 b4 14. Ne2 Nc4 15.
Bxc4 Qxc4 16. Kb1 a5 17. Ned4 Bd7 18. Nxc6 Bxc6 19. Nd4 Rb8 20. f5 Bd7 21. Qg5
Rg8 22. fxe6 Bxe6 23. Qh5 Kd7 24. Rhf1 Rbf8 25. Qxh7 Bg4 26. Rxf7+ Rxf7 27.
Qxg8 Ke7 28. e6 Bxe6 29. Nxe6 Qe2 30. Qd8+ Kxe6 31. Qxd5+ 1-0

[Event "Torneo Zonal  2.5 Femenino"]
[Site "Montevideo"]
[Date "2013.04.22"]
[Round "5.3"]
[White "Zuriel, Marisa"]
[Black "Colombo, Camila"]
[Result "1-0"]
[WhiteElo "2212"]
[BlackElo "2073"]
[PlyCount "49"]
[EventDate "2013.04.??"]

1. e4 e6 2. d4 d5 3. Nc3 Bb4 4. exd5 Bxc3+ 5. bxc3 Qxd5 6. c4 Qd8 7. Nf3 c5 8.
c3 cxd4 9. cxd4 Nc6 10. Be2 Nge7 11. O-O Ng6 12. Re1 O-O 13. Bb2 Bd7 14. Qd2
Nce7 15. d5 exd5 16. cxd5 Bf5 17. Qd4 f6 18. d6 Nc6 19. Qd5+ Kh8 20. Qxf5 Qxd6
21. Rad1 Qf4 22. Qb5 Qg4 23. Ne5 Qc8 24. Nxg6+ hxg6 25. Rd3 1-0

[Event "Torneo Zonal  2.5 Femenino"]
[Site "Montevideo"]
[Date "2013.04.22"]
[Round "5.4"]
[White "Costa, Anaclara"]
[Black "Fernandez, Maria Florencia"]
[Result "0-1"]
[WhiteElo "1649"]
[BlackElo "2180"]
[PlyCount "90"]
[EventDate "2013.04.??"]

1. f4 d5 2. Nf3 c5 3. e3 Nc6 4. d4 Nf6 5. c3 g6 6. Bd3 Bg7 7. O-O O-O 8. Nbd2
b6 9. b3 a5 10. Qe2 Bb7 11. Bb2 a4 12. bxa4 Rxa4 13. Bb5 Ra7 14. Ne5 Qc7 15.
Ndf3 Rfa8 16. a4 Ba6 17. Nxc6 Qxc6 18. Ne5 Bxb5 19. axb5 Qe6 20. Rxa7 Rxa7 21.
Ra1 Rxa1+ 22. Bxa1 Ne4 23. Nc6 Bf6 24. Bb2 c4 25. g4 Nd6 26. g5 Nxb5 27. Nd8
Qd7 28. gxf6 Qxd8 29. fxe7 Qxe7 30. Qf3 Qe6 31. Kf2 Qf5 32. h4 Nd6 33. Kg2 Ne4
34. Qh3 Qxh3+ 35. Kxh3 Nf2+ 36. Kg3 Nd1 37. Ba1 Nxe3 38. Kf3 Nf5 39. Kg4 h5+
40. Kh3 Kg7 41. Bb2 Kf6 42. Bc1 Nd6 43. Bd2 Kf5 44. Be1 Ne4 45. Kg2 Kxf4 0-1

[Event "Torneo Zonal  2.5 Femenino"]
[Site "Montevideo"]
[Date "2013.04.22"]
[Round "5.5"]
[White "Cortes Arias, Mariela"]
[Black "Avalos, Leticia"]
[Result "1-0"]
[WhiteElo "1822"]
[BlackElo "1725"]
[PlyCount "145"]
[EventDate "2013.04.??"]

1. d4 e6 2. c4 Nf6 3. Nc3 Bb4 4. e3 b6 5. Nge2 Bb7 6. a3 Be7 7. d5 e5 8. Ng3 d6
9. Bd3 c6 10. e4 Nbd7 11. b4 a5 12. Rb1 Qc7 13. Nf5 Bf8 14. Qb3 g6 15. Ne3 Bg7
16. O-O axb4 17. axb4 O-O 18. Bb2 Rfc8 19. Rfc1 Nh5 20. g3 Qd8 21. Na4 Rab8 22.
dxc6 Bxc6 23. Nd5 Kh8 24. Nac3 Qg5 25. Nb5 Bxb5 26. cxb5 f5 27. Rc6 fxe4 28.
Bxe4 Nhf6 29. Bg2 Ne8 30. Rbc1 Rd8 31. Nc7 Nf8 32. Nxe8 Rxe8 33. Rxd6 Red8 34.
Rcd1 Rxd6 35. Rxd6 Qe7 36. Rc6 h6 37. Be4 Kh7 38. Bc3 Qg5 39. Qc2 h5 40. Bd2
Qg4 41. f3 Qd7 42. Bxg6+ Nxg6 43. Qxg6+ Kg8 44. Be3 Qd1+ 45. Kg2 Qe2+ 46. Bf2
Rf8 47. Qe4 Qxb5 48. Qc4+ Qxc4 49. Rxc4 Rf6 50. b5 Rd6 51. Rc8+ Kf7 52. Rb8 Rd2
53. Rxb6 e4 54. Rb7+ Kg6 55. Rxg7+ Kxg7 56. fxe4 Kf6 57. b6 Rb2 58. Kf3 Ke5 59.
Be3 Rb3 60. h3 Rb1 61. g4 hxg4+ 62. hxg4 Rb3 63. g5 Rb4 64. Bf4+ Ke6 65. Bc7
Rb1 66. Ke3 Rb5 67. Kd4 Rxg5 68. b7 Rb5 69. b8=Q Rxb8 70. Bxb8 Kf6 71. Kd5 Kf7
72. Kd6 Ke8 73. Ke6 1-0

[Event "Torneo Zonal  2.5 Femenino"]
[Site "Montevideo"]
[Date "2013.04.22"]
[Round "5.6"]
[White "Besso, Guadalupe"]
[Black "Silva, Natalia"]
[Result "1-0"]
[WhiteElo "1737"]
[BlackElo "1891"]
[PlyCount "71"]
[EventDate "2013.04.??"]

1. d4 f5 2. c4 g6 3. g3 Nf6 4. Nc3 d6 5. Bg2 Bg7 6. Nf3 O-O 7. O-O c6 8. d5 e5
9. dxe6 Bxe6 10. Qb3 Qe7 11. Ng5 Bf7 12. Nxf7 Rxf7 13. Qa3 Na6 14. Bxc6 bxc6
15. Qxa6 Qc7 16. Rd1 Nh5 17. Qa3 Rd8 18. Bg5 Rdd7 19. Rac1 h6 20. Be3 f4 21.
Bd4 fxg3 22. hxg3 Nf6 23. b4 Ng4 24. Ne4 Bxd4 25. Rxd4 Nf6 26. Qd3 Nxe4 27.
Rxe4 Kh7 28. Re6 Rf5 29. a3 Rdf7 30. Rxd6 Rxf2 31. Qxg6+ Kh8 32. Rcd1 c5 33.
Rd8+ Rf8 34. R1d7 Rf1+ 35. Kh2 R1f2+ 36. Kh3 1-0

[Event "Torneo Zonal  2.5 Femenino"]
[Site "Montevideo"]
[Date "2013.04.22"]
[Round "5.7"]
[White "Larrea, Daniela"]
[Black "de San Vicente, Sabrina"]
[Result "1/2-1/2"]
[WhiteElo "1700"]
[BlackElo "1725"]
[PlyCount "29"]
[EventDate "2013.04.??"]

1. d4 d5 2. e3 Bf5 3. Bd3 Bxd3 4. Qxd3 c6 5. Nf3 e6 6. O-O Nf6 7. b3 Nbd7 8.
Ba3 Bxa3 9. Nxa3 O-O 10. c4 c5 11. cxd5 Nxd5 12. Nc4 cxd4 13. Qxd4 Qf6 14. Rfd1
Rfd8 15. Qxf6 1/2-1/2

[Event "Torneo Zonal  2.5 Femenino"]
[Site "Montevideo"]
[Date "2013.04.22"]
[Round "5.8"]
[White "Perez, Cecilia Manuela"]
[Black "de Leon, Veronica"]
[Result "0-1"]
[WhiteElo "1521"]
[BlackElo "1645"]
[PlyCount "60"]
[EventDate "2013.04.??"]

1. d4 d5 2. Nf3 Nf6 3. e3 Bf5 4. c4 e6 5. Qb3 Qc8 6. Nc3 c6 7. cxd5 exd5 8. Be2
Bd6 9. O-O Qc7 10. Ne5 O-O 11. f4 Nbd7 12. Bf3 Qb6 13. Nxd7 Bxd7 14. Qxb6 axb6
15. e4 dxe4 16. Nxe4 Nxe4 17. Bxe4 f5 18. Bd3 Be6 19. b3 b5 20. Bd2 g6 21. Rfe1
Rfe8 22. a4 bxa4 23. Rxa4 Bxb3 24. Rxe8+ Rxe8 25. Rb4 Bxb4 26. Bxb4 Re3 27. Bb1
Bc4 28. Ba5 Re2 29. Bc3 Kf7 30. Bb4 Rb2 0-1

[Event "Torneo Zonal  2.5 Femenino"]
[Site "Montevideo"]
[Date "2013.04.22"]
[Round "6.1"]
[White "Zuriel, Marisa"]
[Black "Martinez, Ayelen"]
[Result "1/2-1/2"]
[WhiteElo "2212"]
[BlackElo "2094"]
[PlyCount "64"]
[EventDate "2013.04.??"]

1. e4 c5 2. c3 Nf6 3. e5 Nd5 4. d4 e6 5. Nf3 Nc6 6. c4 Ndb4 7. d5 exd5 8. cxd5
Nd4 9. Na3 Qa5 10. Bd2 Qxa3 11. bxa3 Nbc2+ 12. Qxc2 Nxc2+ 13. Kd1 Nxa1 14. Bc3
Be7 15. Bxa1 f6 16. d6 Bd8 17. Bc4 Ba5 18. exf6 gxf6 19. Bxf6 Rf8 20. Be7 Rf4
21. Bd3 Kf7 22. Bxh7 Kg7 23. Bc2 b5 24. h4 Bb7 25. Ne5 Bc3 26. Nxd7 Bd4 27. Re1
Rxf2 28. Bg5 Bxg2 29. Re7+ Kh8 30. Ne5 Rf1+ 31. Kd2 Rf2+ 32. Kd1 Rf1+ 1/2-1/2

[Event "Torneo Zonal  2.5 Femenino"]
[Site "Montevideo"]
[Date "2013.04.22"]
[Round "6.2"]
[White "Lujan, Carolina"]
[Black "Fernandez, Maria Florencia"]
[Result "1-0"]
[WhiteElo "2366"]
[BlackElo "2180"]
[PlyCount "67"]
[EventDate "2013.04.??"]

1. e4 c5 2. Nf3 d6 3. c3 Nf6 4. Be2 g6 5. O-O Nc6 6. d4 cxd4 7. cxd4 Bg7 8. d5
Nb8 9. Nc3 O-O 10. h3 Na6 11. Bxa6 bxa6 12. Nd4 Bd7 13. Be3 e5 14. Nc6 Qc7 15.
Rc1 Bxc6 16. dxc6 Qxc6 17. Nd5 Qb7 18. Rc7 Qxb2 19. Nxf6+ Bxf6 20. Qxd6 Bg7 21.
Qxa6 Rfe8 22. Rfc1 Qb4 23. Qc6 Qa5 24. a4 a6 25. Rd1 Rad8 26. Rxd8 Rxd8 27. Qc4
Rf8 28. Kh2 Kh8 29. Ra7 f5 30. Rxa6 Qe1 31. exf5 gxf5 32. Qd5 f4 33. Bc5 Rg8
34. Ra8 1-0

[Event "Torneo Zonal  2.5 Femenino"]
[Site "Montevideo"]
[Date "2013.04.22"]
[Round "6.3"]
[White "Perez, Dalila"]
[Black "de Leon, Patricia"]
[Result "0-1"]
[WhiteElo "1763"]
[BlackElo "1842"]
[PlyCount "60"]
[EventDate "2013.04.??"]

1. c4 e5 2. Nc3 Nc6 3. g3 g6 4. Bg2 Bg7 5. a3 d6 6. e3 Be6 7. d3 Qd7 8. Nge2
Bh3 9. O-O h5 10. Bxh3 Qxh3 11. Nd5 Nf6 12. Nxf6+ Bxf6 13. Nc3 O-O-O 14. Qf3 h4
15. Qg2 Qxg2+ 16. Kxg2 Be7 17. Nd5 Rdf8 18. b4 Kd7 19. Bb2 g5 20. f4 hxg3 21.
hxg3 gxf4 22. exf4 f6 23. Rae1 Bd8 24. Re4 Ne7 25. Nxe7 Bxe7 26. Rfe1 Rh7 27.
d4 f5 28. R4e3 exf4 29. gxf4 Rg8+ 30. Rg3 Rxg3+ 0-1

[Event "Torneo Zonal  2.5 Femenino"]
[Site "Montevideo"]
[Date "2013.04.22"]
[Round "6.4"]
[White "Besso, Guadalupe"]
[Black "Cortes Arias, Mariela"]
[Result "1/2-1/2"]
[WhiteElo "1737"]
[BlackElo "1833"]
[PlyCount "82"]
[EventDate "2013.04.??"]

1. d4 Nf6 2. c4 c5 3. d5 e5 4. Nc3 d6 5. e4 Be7 6. Be2 Nbd7 7. Nf3 O-O 8. O-O
Ne8 9. a3 g6 10. Bh6 Ng7 11. Qd2 f5 12. Ng5 Bxg5 13. Bxg5 Nf6 14. b4 b6 15. f3
f4 16. Kf2 Ng4+ 17. fxg4 Qxg5 18. Bf3 Bxg4 19. Qe2 Qh4+ 20. Kg1 h5 21. Qf2
Qxf2+ 22. Kxf2 Bd7 23. Nb5 Bxb5 24. cxb5 Rfc8 25. h4 Rc7 26. Rfc1 Rac8 27. bxc5
Rxc5 28. Rxc5 Rxc5 29. a4 Ne8 30. Be2 Nc7 31. Bd3 Kf7 32. a5 Ke7 33. axb6 axb6
34. Ra7 Kd7 35. Rb7 Rc3 36. Ke2 Rb3 37. Rxb6 Rb2+ 38. Kf1 Rb3 39. Ke2 Rb2+ 40.
Kf1 Rb3 41. Ke2 Rb2+ 1/2-1/2

[Event "Torneo Zonal  2.5 Femenino"]
[Site "Montevideo"]
[Date "2013.04.22"]
[Round "6.5"]
[White "Colombo, Camila"]
[Black "Larrea, Daniela"]
[Result "1-0"]
[WhiteElo "2073"]
[BlackElo "1700"]
[PlyCount "71"]
[EventDate "2013.04.??"]

1. d4 Nf6 2. c4 g6 3. Nc3 Bg7 4. e4 d6 5. Bg5 h6 6. Bh4 g5 7. Bg3 Bg4 8. Qd2
Nh5 9. f3 Nxg3 10. hxg3 Bd7 11. f4 g4 12. Rh5 c6 13. Nge2 Na6 14. Nd1 c5 15. d5
Qb6 16. Nec3 O-O-O 17. Nb5 Rdf8 18. Ndc3 Kb8 19. O-O-O Qa5 20. e5 Bxb5 21. cxb5
Nc7 22. Kb1 a6 23. bxa6 bxa6 24. Be2 Nb5 25. Nxb5 Qxd2 26. Rxd2 axb5 27. Bxb5
Kc7 28. Be2 Rfg8 29. Rd3 Bf8 30. Ra3 Kb7 31. Bb5 Bg7 32. Bc6+ Kb6 33. Rb3+ Kc7
34. Rb7+ Kd8 35. Rd7+ Ke8 36. Rxd6+ 1-0

[Event "Torneo Zonal  2.5 Femenino"]
[Site "Montevideo"]
[Date "2013.04.22"]
[Round "6.6"]
[White "de Leon, Veronica"]
[Black "Costa, Anaclara"]
[Result "1-0"]
[WhiteElo "1645"]
[BlackElo "1649"]
[PlyCount "101"]
[EventDate "2013.04.??"]

1. c4 f5 2. g3 Nf6 3. Bg2 g6 4. Nf3 d6 5. d4 Bg7 6. O-O O-O 7. Nc3 Qe8 8. Re1
Qf7 9. Qd3 h6 10. e4 Nc6 11. Qe2 fxe4 12. Nxe4 Nxe4 13. Qxe4 Bf5 14. Qe2 Bg4
15. Bf4 Qf6 16. Qe3 Bxf3 17. Qxf3 Nxd4 18. Qd3 e5 19. Be3 Nf5 20. Bxb7 Nxe3 21.
Qxe3 Rab8 22. Bd5+ Kh7 23. b3 a5 24. Rab1 h5 25. Qa7 h4 26. Bg2 Rbe8 27. Qe3
Bh6 28. Qe2 hxg3 29. hxg3 Qg5 30. Rb2 Bg7 31. Rd2 e4 32. Rd5 Qf6 33. Qe3 Bh6
34. Qe2 e3 35. f4 Qc3 36. Rd3 Qb4 37. Rxe3 Qb6 38. Kh2 Rxe3 39. Qxe3 Qxe3 40.
Rxe3 Rf7 41. Bd5 Rg7 42. Kg2 c5 43. g4 g5 44. f5 Ra7 45. f6 Kg6 46. f7 a4 47.
Re6+ Kg7 48. Rxh6 axb3 49. Rg6+ Kxg6 50. f8=Q Rxa2+ 51. Kf3 1-0

[Event "Torneo Zonal  2.5 Femenino"]
[Site "Montevideo"]
[Date "2013.04.22"]
[Round "6.7"]
[White "Avalos, Leticia"]
[Black "de San Vicente, Sabrina"]
[Result "1-0"]
[WhiteElo "1725"]
[BlackElo "1725"]
[PlyCount "69"]
[EventDate "2013.04.??"]

1. d4 d5 2. Nf3 c5 3. c3 e6 4. Bf4 Nc6 5. e3 Nf6 6. Nbd2 Be7 7. Bd3 O-O 8. Ne5
Nxe5 9. dxe5 Nd7 10. Qh5 f5 11. h3 c4 12. Bc2 Nc5 13. Qe2 Bd7 14. g4 Ne4 15.
gxf5 exf5 16. Nf3 b5 17. O-O b4 18. cxb4 Bxb4 19. Rad1 Be8 20. Nd4 Qh4 21. Kh2
Bh5 22. f3 Kh8 23. e6 Be7 24. Nc6 Bg5 25. Bxg5 Qxg5 26. Rg1 Qf6 27. Qg2 Nc5 28.
Rxd5 Qxb2 29. Rxc5 Bxf3 30. Qxf3 Qxc2+ 31. Rg2 Qc3 32. e7 Rfe8 33. Rxf5 h6 34.
Rf8+ Kh7 35. Qf5+ 1-0

[Event "Torneo Zonal  2.5 Femenino"]
[Site "Montevideo"]
[Date "2013.04.22"]
[Round "6.8"]
[White "Silva, Natalia"]
[Black "Perez, Cecilia Manuela"]
[Result "1-0"]
[WhiteElo "1891"]
[BlackElo "1521"]
[PlyCount "41"]
[EventDate "2013.04.??"]

1. f4 d5 2. Nf3 Nf6 3. d3 g6 4. g3 Bg7 5. Bg2 c5 6. O-O O-O 7. Qe1 d4 8. e4 Nc6
9. h3 Nb4 10. Na3 Be6 11. Bd2 a5 12. g4 b5 13. f5 Bd7 14. Qh4 e6 15. e5 Nfd5
16. f6 Bxf6 17. exf6 Nxf6 18. Bg5 Nbd5 19. Ne5 Ne3 20. Bxf6 Nxg2 21. Qh6 1-0

[Event "Torneo Zonal  2.5 Femenino"]
[Site "Montevideo"]
[Date "2013.04.23"]
[Round "7.1"]
[White "Lujan, Carolina"]
[Black "Besso, Guadalupe"]
[Result "1-0"]
[WhiteElo "2366"]
[BlackElo "1737"]
[PlyCount "75"]
[EventDate "2013.04.??"]

1. e4 c5 2. Nf3 d6 3. d4 cxd4 4. Nxd4 Nf6 5. Nc3 g6 6. Be2 Bg7 7. Be3 Nc6 8.
Nb3 O-O 9. O-O Be6 10. f4 Na5 11. f5 Bc4 12. Bd3 Rc8 13. Bxa7 Bxb3 14. axb3 b6
15. fxg6 hxg6 16. e5 dxe5 17. Na4 Nd5 18. Nxb6 Nxb6 19. Rxa5 Qc7 20. Ra6 Nd7
21. Bc4 Nf6 22. Be3 Rfd8 23. Qe2 Rd6 24. Ra7 Qd8 25. Kh1 Ra8 26. Rxa8 Qxa8 27.
Bc5 Rd7 28. b4 Nd5 29. Qf3 e6 30. Bb5 Qb7 31. Bxd7 Qxd7 32. c4 Nf4 33. Rd1 Qa4
34. b5 Qc2 35. b6 e4 36. Rd8+ Kh7 37. Qxf4 Qb1+ 38. Bg1 1-0

[Event "Torneo Zonal  2.5 Femenino"]
[Site "Montevideo"]
[Date "2013.04.23"]
[Round "7.2"]
[White "Martinez, Ayelen"]
[Black "Colombo, Camila"]
[Result "0-1"]
[WhiteElo "2094"]
[BlackElo "2073"]
[PlyCount "54"]
[EventDate "2013.04.??"]

1. e4 e6 2. d4 d5 3. Nc3 Bb4 4. e5 b6 5. Qg4 Bf8 6. Bg5 Qd7 7. f4 Nc6 8. O-O-O
Bb7 9. Nf3 h5 10. Qh4 Be7 11. Bxe7 Ngxe7 12. Bb5 O-O-O 13. Qf2 Nf5 14. Kb1 Qe7
15. Ne2 Na5 16. Bd3 Nh6 17. h3 Qb4 18. c3 Qe7 19. Nd2 g6 20. g3 Nc4 21. Nxc4
dxc4 22. Bxc4 Be4+ 23. Bd3 Bxh1 24. Rxh1 Nf5 25. Rd1 Qd7 26. Ba6+ Kb8 27. c4
Qa4 0-1

[Event "Torneo Zonal  2.5 Femenino"]
[Site "Montevideo"]
[Date "2013.04.23"]
[Round "7.3"]
[White "de Leon, Patricia"]
[Black "Zuriel, Marisa"]
[Result "0-1"]
[WhiteElo "1842"]
[BlackElo "2212"]
[PlyCount "132"]
[EventDate "2013.04.??"]

1. d4 Nf6 2. Nf3 c5 3. d5 b5 4. Bg5 Qb6 5. Bxf6 Qxf6 6. c3 Qb6 7. Nbd2 g6 8. e4
d6 9. a4 bxa4 10. Nc4 Qc7 11. Qxa4+ Bd7 12. Qa5 Qxa5 13. Rxa5 a6 14. Nb6 Ra7
15. Nxd7 Kxd7 16. Kd2 Bh6+ 17. Kc2 Kc7 18. Bc4 Kb6 19. Rha1 Rc8 20. Kd3 Bf4 21.
g3 Bh6 22. Nd2 Bxd2 23. Kxd2 g5 24. h3 h5 25. Ke3 Rf8 26. g4 hxg4 27. hxg4 Rh8
28. f3 Rh2 29. b3 Rg2 30. Be2 e6 31. Bc4 exd5 32. Bxd5 Rb2 33. Bc4 f6 34. R5a2
Rxa2 35. Rxa2 Rh7 36. Rd2 Kc7 37. Ra2 Kb6 38. Rd2 Rd7 39. Ra2 a5 40. Rh2 Re7
41. Rh6 Nd7 42. f4 gxf4+ 43. Kxf4 Kc7 44. Bd5 Kb6 45. Bc4 Re8 46. Bd5 Rf8 47.
Kf5 Ne5 48. Rxf6 Rxf6+ 49. Kxf6 Nxg4+ 50. Ke6 Kc7 51. c4 Ne5 52. Kf5 Nd3 53.
Bf7 Nc1 54. e5 dxe5 55. Kxe5 Nxb3 56. Be8 Kb6 57. Ba4 Nd2 58. Kd5 Nb1 59. Kd6
Nc3 60. Bc2 a4 61. Ke5 a3 62. Bb3 a2 63. Bxa2 Nxa2 64. Ke4 Ka5 65. Kd3 Kb4 66.
Kc2 Kxc4 0-1

[Event "Torneo Zonal  2.5 Femenino"]
[Site "Montevideo"]
[Date "2013.04.23"]
[Round "7.4"]
[White "Fernandez, Maria Florencia"]
[Black "Cortes Arias, Mariela"]
[Result "1-0"]
[WhiteElo "2180"]
[BlackElo "1833"]
[PlyCount "91"]
[EventDate "2013.04.??"]

1. d4 Nf6 2. c4 c5 3. d5 e5 4. Nc3 d6 5. e4 Be7 6. Be2 Nbd7 7. Be3 a6 8. g4 Nf8
9. g5 N6d7 10. h4 Ng6 11. Qd2 h6 12. gxh6 gxh6 13. Nf3 Bf6 14. O-O-O Qa5 15.
Bxh6 Nf4 16. Bg5 Rb8 17. Kb1 b5 18. Nxb5 Qb6 19. Nc3 a5 20. Nb5 a4 21. Bxf4
exf4 22. Qxf4 Be5 23. Nxe5 Nxe5 24. Qf6 Rf8 25. f4 Nxc4 26. Bxc4 Ba6 27. Nxd6+
Kd7 28. Bxa6 Qxa6 29. Qf5+ Ke7 30. Qe5+ Kd7 31. Nf5 Rfe8 32. Qd6+ Qxd6 33. Nxd6
Kxd6 34. e5+ Kd7 35. Rc1 Rb4 36. Rxc5 Rxf4 37. d6 Rf5 38. Re1 Rh8 39. Re4 Rc8
40. Kc2 Rb8 41. Rxa4 Rf2+ 42. Kd3 Rbxb2 43. Ra7+ Kd8 44. Rc3 Rb5 45. Rcc7 Rb8
46. Rxf7 1-0

[Event "Torneo Zonal  2.5 Femenino"]
[Site "Montevideo"]
[Date "2013.04.23"]
[Round "7.5"]
[White "Avalos, Leticia"]
[Black "Perez, Dalila"]
[Result "1-0"]
[WhiteElo "1725"]
[BlackElo "1763"]
[PlyCount "69"]
[EventDate "2013.04.??"]

1. d4 d5 2. Nf3 Nf6 3. e3 g6 4. Bd3 Bg7 5. Nbd2 c5 6. c3 Nc6 7. Qe2 c4 8. Bc2
O-O 9. b3 b5 10. e4 cxb3 11. Nxb3 dxe4 12. Bxe4 Nxe4 13. Qxe4 Bb7 14. Nc5 Qb6
15. Nxb7 Qxb7 16. O-O Na5 17. Qh4 Nc4 18. Ng5 h6 19. Ne4 Rfc8 20. Bxh6 Bxh6 21.
Nc5 Qd5 22. Qxh6 b4 23. cxb4 Qxd4 24. Rfd1 Qc3 25. Rab1 Rd8 26. Ne4 Qe5 27. Ng5
Qf6 28. Qh7+ Kf8 29. Qh4 Kg8 30. h3 Nd2 31. Rbc1 Rd4 32. Qh7+ Kf8 33. Qh6+ Kg8
34. Rxd2 Rxd2 35. Ne4 1-0